000 01112nab a22002417a 4500
999 _c6448
_d6448
003 OSt
005 20260204111302.0
008 190429b xxu||||| |||| 00| 0 spa d
040 _cPJ
100 _aSaldaño, Darío
_96541
245 1 3 _aLa legítima defensa y causas de justificación en el Proyecto de Ley Ómnibus del PEN /
_cDarío Saldaño.
260 _cCiudad Autónoma de Buenos Aires :
_aThomson Reuters La Ley,
_b2024.
300 _ap. 16-21
500 _aCita Online: AR/DOC/63/2024.
505 _aSumario: I. Introducción conceptual.— II. Reforma del art. 34 inc. 4 del Cód. Penal.— III. Reforma del art. 34 inc. 6 del Cód. Penal.— IV. Conclusiones.
505 _tSi te interesa el texto completo, solicitalo a koha@justierradelfuego.gov.ar
650 0 _9343
_aDERECHO PENAL
650 0 _94193
_aPROYECTO DE LEY
650 0 _92793
_aLEGÍTIMA DEFENSA
650 0 _94805
_aEXCESO EN LA LEGITIMA DEFENSA
773 0 _02658
_93164
_tRevista de derecho penal y criminología. Nº 2 - Marzo 2024
_dCiudad Autónoma de Buenos Aires : Thomson Reuters La Ley, 2017-
_x00347914
942 _2udc
_cANA